Introduction to artificial intelligence / (Record no. 218163)
[ view plain ]
| 000 -LEADER | |
|---|---|
| fixed length control field | 01029 a2200241 4500 |
| 003 - CONTROL NUMBER IDENTIFIER | |
| control field | Nust |
| 005 - DATE AND TIME OF LATEST TRANSACTION | |
| control field | 20220720121247.0 |
| 010 ## - LIBRARY OF CONGRESS CONTROL NUMBER | |
| LC control number | 84018838 |
| 020 ## - INTERNATIONAL STANDARD BOOK NUMBER | |
| International Standard Book Number | 048624864X (pbk.) : |
| 020 ## - INTERNATIONAL STANDARD BOOK NUMBER | |
| International Standard Book Number | 978-0-48-24864-6 |
| 040 ## - CATALOGING SOURCE | |
| Transcribing agency | Nust |
| 082 00 - DEWEY DECIMAL CLASSIFICATION NUMBER | |
| Classification number | 001.535,JAC |
| 100 1# - MAIN ENTRY--PERSONAL NAME | |
| Personal name | Jackson, Philip C., |
| 9 (RLIN) | 94031 |
| 245 10 - TITLE STATEMENT | |
| Title | Introduction to artificial intelligence / |
| Statement of responsibility, etc. | Philip C. Jackson, Jr. |
| 250 ## - EDITION STATEMENT | |
| Edition statement | 2nd, enl. ed. |
| 260 ## - PUBLICATION, DISTRIBUTION, ETC. | |
| Place of publication, distribution, etc. | New York : |
| Name of publisher, distributor, etc. | Dover, |
| Date of publication, distribution, etc. | 1985. |
| 300 ## - PHYSICAL DESCRIPTION | |
| Extent | xxxviii, 453 p. : |
| Other physical details | ill. ; |
| Dimensions | 22 cm. |
| 500 ## - GENERAL NOTE | |
| General note | Includes index. |
| 505 ## - FORMATTED CONTENTS NOTE | |
| Formatted contents note | Introduction (Page-1), Mathematics, phenomena, machines (Page- 33), Problem solving (Page-67), Game playing (page-117), Pattern perception (page-169), Theorem proving (Page-215), Semantic information (Page-273), Parallel processing and evolutionary system (Page-343), The harvest of artificial intelligence (Page-387) |
| 650 #0 - SUBJECT ADDED ENTRY--TOPICAL TERM | |
| Topical term or geographic name entry element | Artificial intelligence. |
| 856 42 - ELECTRONIC LOCATION AND ACCESS | |
| Materials specified | Publisher description |
| Uniform Resource Identifier | <a href="http://www.loc.gov/catdir/description/dover033/84018838.html">http://www.loc.gov/catdir/description/dover033/84018838.html</a> |
| 942 ## - ADDED ENTRY ELEMENTS (KOHA) | |
| Source of classification or shelving scheme | |
| Koha item type | Reference |
| Withdrawn status | Lost status | Source of classification or shelving scheme | Damaged status | Not for loan | Permanent Location | Current Location | Shelving location | Date acquired | Full call number | Barcode | Date last seen | Price effective from | Koha item type | Public note |
|---|---|---|---|---|---|---|---|---|---|---|---|---|---|---|
| Military College of Signals (MCS) | Military College of Signals (MCS) | Reference | 12/12/2016 | 001.535,JAC | MCS37501 | 12/08/2016 | 12/12/2016 | Reference | Almirah No.17, Shelf No.1 |
